000
00294 a2200145 4500
001
107133
041
_a
por
090
_a
LAPTOP LENOVO 04
245
1
0
_a
Laptop Lenovo 04
250
_a
. ed.
300
_a
1 laptop
040
_a
BR-BrIDEA
_c
BR-BrIDEA
260
_a
[S.l.]
_c
2018
942
_c
DE
999
_c
107133
_d
107133